Pays par avion militaire - Statistiques

Statistiques générales
  • Ce quiz a été pris 1 107 fois
  • Le résultat moyen est 7 sur 15
Statistiques - réponses
Par images Réponse % Correct
Etats-Unis
95%
Russie
88%
Allemagne / Royaume-Uni / Italie / Espagne
81%
France
73%
Etats-Unis
72%
Allemagne
55%
Royaume-Uni
52%
Chine
48%
Suède
44%
Japon
23%
Italie
22%
Union soviétique
17%
Argentine
12%
Yougoslavie / Roumanie
5%
Tchécoslovaquie
4%
Aucun quiz correspondant
Distribution des résultats
% des personnes avec chaque résultat
Percentile par nombre de réponses
Votre historique - résultats
Vous n’avez pas pris ce quiz